000 00301nam a2200133Ia 4500
100 _aAnano/ Prakash
942 _cBK
654 _aBusiness oportunities
245 _aSource book of Business opportunities
260 _bShilton
_aBombay
_c1988
082 _a338.88
546 _aENGLISH
999 _c34020
_d34020